| 000 | 00509cam a2200193ua 4500 | ||
|---|---|---|---|
| 020 | _c360 | ||
| 041 |
_aeng _h |
||
| 082 |
_a028.71624 _bGHA/HA |
||
| 100 | _aGhanekar, V K . | ||
| 245 |
_aHand book for limit state design of reinforced concrete members / _cJ P Jain. _hTextual Documents |
||
| 250 |
_a1 / _b. |
||
| 260 |
_a : _bTata Mc-Graw Hill Publishing Company , _c1990. |
||
| 300 | _a763 ; . | ||
| 365 | _a360 | ||
| 504 | _a | ||
| 700 | 1 | _aJain , J P . | |
| 942 | _cBK | ||
| 999 |
_c3232 _d3232 |
||